| 000 | aam a22 a 4500 | ||
|---|---|---|---|
| 999 |
_c2807 _d2807 |
||
| 003 | AKMAL | ||
| 005 | 20170518103038.0 | ||
| 008 | 170518s1988 us a 00 eng d | ||
| 020 | _a0256058326 | ||
| 040 | _aAKMAL | ||
| 082 | 0 | 4 | _a657.45 ROB |
| 090 | 0 | 0 |
_a657.45 _bROB |
| 100 | 1 |
_aRobertson, Jack C. _95920 |
|
| 110 |
_aDavis, Frederick G. _95927 |
||
| 245 | 1 | 0 |
_aAuditing / _cJack C. Robertson & Frederick G. Davis |
| 250 | _a5th edition | ||
| 260 |
_aDallas : _bBusiness Publications, _c1988 |
||
| 300 | 0 | 0 |
_a859p : _c24 cm |
| 504 | _aIncludes bibliographies and index | ||
| 650 | 0 |
_aAuditing _95887 |
|
| 942 |
_2ddc _cBOOK |
||